LEADER 01499nam 2200361 450 001 9910688198603321 005 20230626142659.0 035 $a(CKB)5580000000514614 035 $a(NjHacI)995580000000514614 035 $a(EXLCZ)995580000000514614 100 $a20230626d2022 uy 0 101 0 $aeng 135 $aur||||||||||| 181 $ctxt$2rdacontent 182 $cc$2rdamedia 183 $acr$2rdacarrier 200 00$aAdvanced Topics of Topology /$fFrancisco Bulnes, editor 210 1$aLondon :$cIntechOpen,$d2022. 215 $a1 online resource (136 pages) 311 $a1-80355-095-3 330 $aTopology is an area of mathematics that establishes relations and transformations between spaces with a certain structure depending on their position and considering the structure of the ambient space where these relations exist. This book discusses various concepts and theories of topology, including diffeomorphisms, immersions, Hausdorff spaces, cobordisms, homotopy theory, symplectic manifolds, topology of quantum field theory, algebraic varieties, dimension theory, Koszul complexes, continuum theory, and metrizability, among others. 606 $aTopology 606 $aHomotopy theory 615 0$aTopology. 615 0$aHomotopy theory. 676 $a514 702 $aBulnes$b Francisco 801 0$bNjHacI 801 1$bNjHacl 906 $aBOOK 912 $a9910688198603321 996 $aAdvanced Topics of Topology$92994795 997 $aUNINA LEADER 02408nam 22006253a 450 001 9910917270903321 005 20250203235651.0 035 $a(CKB)36719111400041 035 $a(ScCtBLL)128a3b72-3982-475f-a51c-3491e5aad1ca 035 $a(OCoLC)982228685 035 $a(oapen)doab37243 035 $a(EXLCZ)9936719111400041 100 $a20250203i20142020 uu 101 0 $ager 135 $aur||||||||||| 181 $ctxt$2rdacontent 182 $cc$2rdamedia 183 $acr$2rdacarrier 200 04$aDie altgermanischen Toponyme sowie die ungermanischen Toponyme Germaniens$fFriedrich Grünzweig, Corinna Scheungraber 210 $cFassbaender$d2014 210 1$a[s.l.] :$cFassbaender,$d2014. 215 $a1 online resource (1 p.) 311 08$a9783902575623 311 08$a390257562X 330 $aThis handbook of Old Germanic toponyms is a comprehen-sive collection of Germanic, possibly Germanic and non-Germanic geographical names of Magna Germania and the adjacent provinces. The selection of headwords is based on Hermann Reichert´s Lexikon der altgermanischen Namen (LaN). In the articles, the current state of research concer-ning the localization of the ancient places (, rivers, forests and mountains) and concerning the etymology and word for¬mation of the toponyms is documented and critically dis-cussed. 606 $aLanguage and Linguistics$2bicssc 610 $aAltgermanische Sprachen 610 $aAltisländische Sprache 610 $aEtymologie 610 $aEtymology 610 $aGeographie 610 $aGeography 610 $aGermanische Altertumskunde 610 $ahistorical linguistics 610 $aHistorische Sprachwissenschaft 610 $aInternational Data Group 610 $aKomposition (Grammatik) 610 $aNationale Befreiungsfront (Algerien) 610 $aOld Germanic languages and culture 610 $aOnomastics 610 $aOnomastik 610 $aPhilologie 610 $aPhilology 610 $aSuffix 610 $aToponomastics 610 $aToponomastik 615 7$aLanguage and Linguistics 700 $aGrünzweig$b Friedrich$01786834 702 $aScheungraber$b Corinna 801 0$bScCtBLL 801 1$bScCtBLL 906 $aBOOK 912 $a9910917270903321 996 $aDie altgermanischen Toponyme sowie die ungermanischen Toponyme Germaniens$94319144 997 $aUNINA